000 00646nam a22002057a 4500
003 UA-OsUOA
001 36656
007 ta
008 20060207b un ||||| |||| 00| 0 ukr d
090 _a34
942 _cSA
040 _aUA-OsUOA
_bukr
_cUA-OsUOA
_dUA-OsUOA
245 _aПро внесення змін до Закону України "Про комітети Верховної Ради України"/Закон крахни від 22 грудня 2005 року №3277- ІV
300 _aС.30
955 _a0
041 _aukr
080 _a34
773 0 _w36654
650 7 _a34 Право. Юриспруденція
_2UDC
999 _c322890
_d322890